000 00455pab a2200169 454500
008 180718b2012 xxu||||| |||| 00| 0 eng d
100 _aStaples, James
245 _aThe suicide niche: Accounting for self-harm in a South Indian leprosy colony
260 _c2012
300 _ap.117-144.
362 _aFeb & Jun
650 _aSuicide - Sri Lanka
650 _aSuicide
773 _aContributions to Indian Sociology
908 _aN
909 _a96988
999 _c96988
_d96988